| 000 | 00508nam a22001697a 4500 | ||
|---|---|---|---|
| 005 | 20231124130804.0 | ||
| 008 | 231124b |||||||| |||| 00| 0 eng d | ||
| 020 | _a0797803626 | ||
| 041 | _aEnglish | ||
| 082 | _a340.5 IND | ||
| 100 | _lEnglish | ||
| 245 |
_aThe Individual Under African Law / _cedited by PN Takirambudde |
||
| 260 |
_aSwaziland : _bUniversity of Swaziland, _c1982 |
||
| 300 |
_b209 pages ; _c23 cm. |
||
| 650 |
_aLegal practice _bLaw |
||
| 942 |
_cBK _6ALISON_BN_VRIES |
||
| 999 |
_c948 _d948 |
||